000 00660nam a22001697a 4500
005 20260511133225.0
008 260511b |||||||| |||| 00| 0 eng d
020 _a080394716x Pbk. Bp.
040 _aMMSU
_cULS
_dULS
050 _aRT 120.F3 N88 1992 CHS
245 _aThe nursing of families : Theory/research/education/ practice /
_cSuzanne L. Feetham, Susan B. Meister, Janice M. Bell , Catherine L. Gillis, editors.
260 _aNewbury Park, California :
_bSage Publications,
_c1992.
300 _axv, 308 pages :
_billustrations ;
_c210 cm.
500 _aIncludes bibliographical references.
650 _aFamily nursing--congresses.
942 _2lcc
_cBK
999 _c29141
_d29141